000 01887nam a22003257a 4500
005 20100910145825.0
008 100910t xxu||||| |||| 00| 0 eng d
010 _aENG-101470 B-437374-378
020 _a9788121936088
_c340.00
020 _a812193608x
_c340.00 B-437374-378
035 _aEN-85003
037 _bDBAD/PUB
037 _bAllied Pub/Ven
040 _adpl
_bEng
082 _a657.48
100 _aTulsian,P.C.
_919358
245 _aTulsian's financial accounting /
_cby P.C.Tulsian
260 _aNew Delhi
_bS.Chand
_c2011
270 _a7361,Ram Nagar
_bNew Delhi
_e110055
300 _avarious pagings
_c25cm (pbk)
700 _919459
942 _2ddc
_cEN
_mTUL
_h657.48
999 _c45177
_d45177